Instant team building

Đã lưu trong:
Bibliografiske detaljer
Hovedforfatter: Sugars, Bradley J.
Format: Bog
Sprog:Undetermined
Udgivet: New York, NY Mc-Graw-Hill 2006
Fag:
Tags: Tilføj Tag
Ingen Tags, Vær først til at tagge denne postø!
Thư viện lưu trữ: Trung tâm Học liệu Trường Đại học Cần Thơ
LEADER 00555nam a2200193Ia 4500
001 CTU_129026
008 210402s9999 xx 000 0 und d
020 |c 280000 
082 |a 658.4022 
082 |b S947 
100 |a Sugars, Bradley J. 
245 0 |a Instant team building 
245 0 |c Bradley J. Sugars 
260 |a New York, NY 
260 |b Mc-Graw-Hill 
260 |c 2006 
650 |a Teams in the workplace.,Đội, (Tổ, Nhóm) trong nơi làm việc 
904 |i Minh 
980 |a Trung tâm Học liệu Trường Đại học Cần Thơ